Central Library OPAC University of Rajshahi

Immunobiology of the complement system : (Record no. 66167)

MARC details
000 -LEADER
fixed length control field 00869nam a2200265 a 4500
001 - CONTROL NUMBER
control field 66167
003 - CONTROL NUMBER IDENTIFIER
rucl marc code BD-RjUL
005 - DATE AND TIME OF LATEST TRANSACTION
control field 20211209081516.0
008 - FIXED-LENGTH DATA ELEMENTS--GENERAL INFORMATION
fixed length control field 170314s1986 enka b 001 0 eng d
020 ## - INTERNATIONAL STANDARD BOOK NUMBER
International Standard Book Number 0125976402 (alk. paper)
035 ## - SYSTEM CONTROL NUMBER
System control number (BD-RjUL)66297
040 ## - CATALOGING SOURCE
Original cataloging agency BD-RjUL
Transcribing agency BD-RjUL
Modifying agency BD-RjUL
Language of cataloging eng
041 ## - LANGUAGE CODE
Language code of text/sound track or separate title eng
060 ## - NATIONAL LIBRARY OF MEDICINE CALL NUMBER
Classification number QW 680 I33
082 00 - DEWEY DECIMAL CLASSIFICATION NUMBER
Classification number 616.079
Edition number 23
Author mark and year IMM 1986
245 00 - TITLE STATEMENT
Title Immunobiology of the complement system :
Remainder of title an introduction for research and clinical medicine /
Statement of responsibility, etc. edited by Gordon D. Ross.
260 ## - PUBLICATION, DISTRIBUTION, ETC. (IMPRINT)
Place of publication, distribution, etc. Orlando :
Name of publisher, distributor, etc. Academic Press,
Date of publication, distribution, etc. c1986.
300 ## - PHYSICAL DESCRIPTION
Pagination xi, 273 p. :
Illustrations ill ;
Size 24 cm.
504 ## - BIBLIOGRAPHY, ETC. NOTE
Bibliography, etc Includes bibliographies and index.
650 #0 - SUBJECT ADDED ENTRY--TOPICAL TERM
Topical term or geographic name as entry element Complement (Immunology)
9 (RLIN) 195789
Topical term or geographic name as entry element Complement
General subdivision immunology.
9 (RLIN) 195790
Topical term or geographic name as entry element Complement Activation.
9 (RLIN) 195791
700 1# - ADDED ENTRY--PERSONAL NAME
Personal name Ross, Gordon D.
942 ## - ADDED ENTRY ELEMENTS (KOHA)
Source of classification or shelving scheme Dewey Decimal Classification
Koha item type Books
Holdings
Lost status Source of classification or shelving scheme Damaged status Not for loan Collection code Permanent Location Current Location Shelving location Date acquired Source of acquisition Cost, normal purchase price Total Checkouts Full call number Date last seen Copy number Koha item type
  Dewey Decimal Classification   Not For Loan Non-fiction Central Library, University of Rajshahi Central Library, University of Rajshahi Reading Room 26/08/2007 Dhaka, Paragon Enterprises Ltd. 76.00   616.079 IMM 1986 14/03/2017 C-1 Books